000 00361nam a2200145Ia 4500
008 240729s9999 xx 000 0 und d
022 _a1314-2143
245 0 _aFolia Medica
260 _aBulgaria
260 _bPensoft Publishers
650 _aMedicine
856 _uhttps://doaj.org/toc/154eb295571b47799630552285fac7a0
942 _2ddc
942 _cDOAJEJ
999 _c73417
_d73417
945 _a1
_bMadushi Gamage
_c1
_dMadushi Gamage